Le scénodrame, un enveloppement groupal de l’individuel (notice n° 1591716)
[ vue normale ]
| 000 -LEADER | |
|---|---|
| fixed length control field | 01481cam a2200265 4500500 |
| 005 - DATE AND TIME OF LATEST TRANSACTION | |
| control field | 20251228065529.0 |
| 041 ## - LANGUAGE CODE | |
| Language code of text/sound track or separate title | fre |
| 042 ## - AUTHENTICATION CODE | |
| Authentication code | dc |
| 100 10 - MAIN ENTRY--PERSONAL NAME | |
| Personal name | Brizard, Yonnel |
| Relator term | author |
| 245 00 - TITLE STATEMENT | |
| Title | Le scénodrame, un enveloppement groupal de l’individuel |
| 260 ## - PUBLICATION, DISTRIBUTION, ETC. | |
| Date of publication, distribution, etc. | 2018.<br/> |
| 500 ## - GENERAL NOTE | |
| General note | 79 |
| 520 ## - SUMMARY, ETC. | |
| Summary, etc. | Le scénodrame est un soin psychothérapeutique de groupe qui consiste en l’élaboration de scenarii et leur mise en figuration à l’aide d’objets symboliques, d’objets limites et d’objets indifférenciés, également répartis entre enfants et thérapeute, autour d’une petite table. Ce dispositif aide à la métaphorisation grâce à ses effets contenants et à la diversité des objets confiés à chacun des enfants pour qu’ils réalisent des mises en scène de scenarii personnels et leur mise en jeu groupale.Le texte présente des séquences vécues par des enfants âgés de 5 à 9 ans présentant des troubles de la symbolisation et du langage. |
| 690 ## - LOCAL SUBJECT ADDED ENTRY--TOPICAL TERM (OCLC, RLIN) | |
| Topical term or geographic name as entry element | métaphore |
| 690 ## - LOCAL SUBJECT ADDED ENTRY--TOPICAL TERM (OCLC, RLIN) | |
| Topical term or geographic name as entry element | Objet contenant |
| 690 ## - LOCAL SUBJECT ADDED ENTRY--TOPICAL TERM (OCLC, RLIN) | |
| Topical term or geographic name as entry element | scénario |
| 690 ## - LOCAL SUBJECT ADDED ENTRY--TOPICAL TERM (OCLC, RLIN) | |
| Topical term or geographic name as entry element | scénification |
| 690 ## - LOCAL SUBJECT ADDED ENTRY--TOPICAL TERM (OCLC, RLIN) | |
| Topical term or geographic name as entry element | scénodrame |
| 690 ## - LOCAL SUBJECT ADDED ENTRY--TOPICAL TERM (OCLC, RLIN) | |
| Topical term or geographic name as entry element | scénogramme |
| 690 ## - LOCAL SUBJECT ADDED ENTRY--TOPICAL TERM (OCLC, RLIN) | |
| Topical term or geographic name as entry element | symbolisation |
| 700 10 - ADDED ENTRY--PERSONAL NAME | |
| Personal name | Roumegoux, Françoise |
| Relator term | author |
| 700 10 - ADDED ENTRY--PERSONAL NAME | |
| Personal name | Senechal, Michel |
| Relator term | author |
| 786 0# - DATA SOURCE ENTRY | |
| Note | VST - Vie sociale et traitements | 140 | 4 | 2018-10-25 | p. 65-72 | 0396-8669 |
| 856 41 - ELECTRONIC LOCATION AND ACCESS | |
| Uniform Resource Identifier | <a href="https://shs.cairn.info/revue-vie-sociale-et-traitements-2018-4-page-65?lang=fr&redirect-ssocas=7080">https://shs.cairn.info/revue-vie-sociale-et-traitements-2018-4-page-65?lang=fr&redirect-ssocas=7080</a> |
Pas d'exemplaire disponible.




Réseaux sociaux